000 00506nam a2200181 i 4500
001 bg
100 1 _aBAŃKOWSKI, Jacek
245 0 _aProgramowanie w języku Fortran :
_bwersja standardowa /
_cJ. Bańkowski, K. Fiałkowski, Z. Odrowąż-Sypniewski.
250 _aWyd.6.
260 _aWarszawa,
_c1981.
700 1 _aFIAŁKOWSKI, Konrad
700 1 _aODROWĄŻ-SYPNIEWSKI, Zbigniew
040 _cBPK
041 _apol
080 _a519.682
942 _cKS
008 s pl f |000 0 pol
999 _c1673
_d1673
856 _uhttp://koha.tu.koszalin.pl/cgi-bin/koha/opac-detail.pl?biblionumber=1673
_yKatalog online BPK